Statistics for Largest Landlocked Countries by Continent

Click here to take the quiz!

General Stats

  • This quiz has been taken 160 times
    (84 since last reset)
  • The average score is 10 of 11

Answer Stats

ContinentArea (Sq. Km)Answer% Correct
South America1,098,581Bolivia
96%
Asia1,566,500Mongolia
96%
Asia2,724,900Kazakhstan
95%
Africa1,284,000Chad
93%
Africa1,267,000Niger
88%
South America406,752Paraguay
88%
Europe93,028Hungary
82%
Africa1,240,192Mali
82%
Europe83,871Austria
79%
Europe207,600Belarus
79%
Asia652,230Afghanistan
77%

Score Distribution

Percentile by Number Answered

Percent of People with Each Score

Your Score History

You have not taken this quiz since the last reset